| 000 | 00700nam a2200229 a 4500 | ||
|---|---|---|---|
| 001 | 000038392 | ||
| 003 | DO-SdBNP | ||
| 005 | 20180406112502.0 | ||
| 007 | 000038392 | ||
| 008 | 130410s1971 dr 000 0 spa d | ||
| 040 |
_aBPMSU _bspa _cBPMSU |
||
| 110 | 1 | _aRepública Dominicana | |
| 240 | 1 | 0 | _a[Leyes, etc.] |
| 245 | 1 | 0 | _aLey de registro de tierras con sus modificaciones. |
| 260 |
_aSanto Domingo : _bPublicaciones América, _c1978 |
||
| 300 |
_a116 p. : _c22 cm. |
||
| 942 |
_2ddc _cBK |
||
| 945 | _aRemanejado para la BNPHU, 2018 / VM | ||
| 956 |
_aYLOCKWARD _b10 _c20130410 _lBND01 _h1421 |
||
| 956 |
_aKLANTIGUA _b10 _c20130430 _lBND01 _h1100 |
||
| 956 |
_aVMATEO _b10 _c20150908 _lBPMSU _h00151 |
||
| 999 |
_c7443 _d7443 |
||